LEADER 00697nam a2200193 i 4500 001 000000170186 003 CaOOAMICUS 005 20080313000000.0 008 080313s1943 it u000 u ita u 013 $a147593 040 $aSeMil$bita 245 10$aPensieri :$bun libro per tutti. 250 $a7. edizione riveduta e accresciuta. 300 $aXI, 301 p. 700 1 $aSpirito, Franca.$0(OLS)http://semarc/name/8620 773 0 $tOpere complete di F. Orestano.$dMilano : Fratelli Bocca, [194?]$gVol.16$w()19303 850 $aSeMil 852 $aSeMil$W1$xVenegono$y1$m1S IV 15$j121082$B121082$CSeMilBibl$Z2$F132391 $81 996 $6245$aPensieri :$bun libro per tutti$9(OLS)http://semarc/title/243397 LEADER 01283nam a2200253 i 4500 001 000000111340 003 CaOOAMICUS 005 20030116000000.0 008 030116s2002 it u000 u ita u 013 $a84022 040 $aSeMil$bita 100 1 $aMacchione, Pietro.$0(OLS)http://semarc/name/12379 245 10$aVarese :$bGiardino d'industria /$cPietro Macchione ... [et al.]. 260 $aVarese :$bUnione degli Industriali della Provincia di Varese,$c2002. 300 $a791 p., [12] p. di tav. :$bill. ;$c24 cm. 500 $aContiene : Bibliografia. - In mezzo al front. : Opera promossa dall'Unione degli Industriali della Provincia di Varese. - Dono di mons. Antonio Rimoldi. 650 4$aVarese - Storia.$0(OLS)http://semarc/subject/2813 650 4$aVarese - Economia - Storia - Sec. 19.-20.$0(OLS)http://semarc/subject/19926 650 4$aVarese - Industria - Storia - Sec. 19.-20.$0(OLS)http://semarc/subject/4388 850 $aSeMil 852 $aSeMil$W1$xVenegono$y1$m3P III 283$j67175$B67175$CSeMilBibl$Z2$F73702 $81 961 $aOmaggio: Rimoldi mons. Antonio 996 $6245$aVarese :$bGiardino d'industria$9(OLS)http://semarc/title/162027 996 $6260$aVarese :$bUnione degli Industriali della Provincia di Varese$9(OLS)http://semarc/publisher/41159